| 000 | 00646nam a22002057a 4500 | ||
|---|---|---|---|
| 001 | 86204 | ||
| 003 | BD-RjUL | ||
| 005 | 20260224112303.0 | ||
| 008 | 260224b |||||||| |||| 00| 0 eng d | ||
| 035 | _a(BD-RjUL)86204 | ||
| 040 |
_aBD-RjUL _beng _cBD-RjUL |
||
| 041 | _aurd | ||
| 082 |
_223 _a891.4391 _bKHU 1957 |
||
| 100 |
_aخان، یوسف حسین ;;Khan, Yousuf Hussain _917777 |
||
| 245 |
_aاردو غزل ;; Urdu Ghazal / _cیوسف حسین خان ;; Yousuf Hussain Khan |
||
| 260 |
_aعلی گڑھ :Aligarh : _bانجمن ترقی اردو , _c1957 |
||
| 300 |
_a736 p. ; _c21 cm |
||
| 650 |
_aUrdu Ghajal _917778 |
||
| 942 |
_2ddc _cBK |
||
| 999 |
_c86204 _d86204 |
||